[Event "Titled Tuesday intern op 11th May"]
[Site "Chess.com INT"]
[Date "2021.05.11"]
[Round "1"]
[White "Blanco Fernandez, Alvaro"]
[Black "Montoliu Cervero, Francisco"]
[Result "0-1"]
[WhiteElo "2219"]
[BlackElo "2409"]
[PlyCount "50"]
[EventDate "2021.05.11"]
[EventType "swiss (blitz)"]
[EventRounds "11"]
[EventCountry "USA"]
[SourceTitle "CBM 202 Extra"]
[Source "ChessBase"]
[SourceDate "2021.07.31"]
[SourceVersion "1"]
[SourceVersionDate "2021.07.31"]
[SourceQuality "1"]

1. d4 d5 2. c4 dxc4 3. Nf3 Nf6 4. e3 e6 5. Bxc4 a6 6. a4 b6 7. 0-0 Bb7 8. Nc3 c5 9. Ne5 Nbd7 10. f4 Be7 11. Nxf7 Kxf7 12. Bxe6+ Kxe6 13. Qb3+ Kd6 14. dxc5+ Kc7 15. cxb6+ Nxb6 16. a5 Nbd5 17. Na4 Qd7 18. e4 Nb4 19. Be3 Rac8 20. Nb6 Qd3 21. Qe6 Qxe3+ 22. Kh1 Qxe4 23. Nd5+ Nbxd5 24. Rac1+ Kb8 25. Qf7 Ne3 0-1

[Event "Titled Tuesday intern op 11th May"]
[Site "Chess.com INT"]
[Date "2021.05.11"]
[Round "2"]
[White "Jacobson, Brandon"]
[Black "Montoliu Cervero, Francisco"]
[Result "1-0"]
[WhiteElo "2491"]
[BlackElo "2409"]
[PlyCount "53"]
[EventDate "2021.05.11"]
[EventType "swiss (blitz)"]
[EventRounds "11"]
[EventCountry "USA"]
[SourceTitle "CBM 202 Extra"]
[Source "ChessBase"]
[SourceDate "2021.07.31"]
[SourceVersion "1"]
[SourceVersionDate "2021.07.31"]
[SourceQuality "1"]

1. d4 d5 2. c4 c6 3. cxd5 cxd5 4. Nc3 Nf6 5. Bf4 Nc6 6. e3 a6 7. Be2 Bf5 8. Nf3 Rc8 9. 0-0 e6 10. Qb3 Na5 11. Qa4+ Nd7 12. Ne5 Nc6 13. Rfc1 Ncxe5 14. Bxe5 f6 15. Bg3 Be7 16. Qb3 b5 17. a4 b4 18. Nd1 0-0 19. Bxa6 Rxc1 20. Rxc1 Qa5 21. Bb5 Nb6 22. Rc6 Rc8 23. Bc7 Bd8 24. Bxb6 Rxc6 25. Bxa5 Rc1 26. Bxd8 Rxd1+ 27. Qxd1 1-0

[Event "Titled Tuesday intern op 11th May"]
[Site "Chess.com INT"]
[Date "2021.05.11"]
[Round "3"]
[White "Montoliu Cervero, Francisco"]
[Black "Fataliyeva, Ulviyya Hasil Qizi"]
[Result "1-0"]
[WhiteElo "2409"]
[BlackElo "2301"]
[PlyCount "75"]
[EventDate "2021.05.11"]
[EventType "swiss (blitz)"]
[EventRounds "11"]
[EventCountry "USA"]
[SourceTitle "CBM 202 Extra"]
[Source "ChessBase"]
[SourceDate "2021.07.31"]
[SourceVersion "1"]
[SourceVersionDate "2021.07.31"]
[SourceQuality "1"]

1. e4 c6 2. d4 d5 3. Nc3 dxe4 4. Nxe4 Nf6 5. Nxf6+ exf6 6. c3 Bd6 7. Bd3 Na6 8. Qc2 h5 9. Ne2 Kf8 10. Bf4 Nc7 11. 0-0 Nd5 12. Bxd6+ Qxd6 13. a3 Bg4 14. c4 Bxe2 15. Bxe2 Nf4 16. Rad1 Re8 17. Bf3 g6 18. b4 Kg7 19. b5 cxb5 20. c5 Qd7 21. d5 Re5 22. c6 bxc6 23. dxc6 Qe7 24. Rd7 Qe6 25. Rxa7 g5 26. c7 g4 27. Bd1 Re1 28. Qd2 Re8 29. c8Q Rxf1+ 30. Kxf1 Qxc8 31. Qxf4 Qc5 32. Rd7 Qc6 33. Qd2 Qe6 34. Rd3 f5 35. Re3 Qc4+ 36. Be2 Qc6 37. Rxe8 Qxe8 38. Qb2+ 1-0

[Event "Titled Tuesday intern op 11th May"]
[Site "Chess.com INT"]
[Date "2021.05.11"]
[Round "6"]
[White "Nilsen, Tobias Lang"]
[Black "Montoliu Cervero, Francisco"]
[Result "1-0"]
[WhiteElo "2169"]
[BlackElo "2409"]
[PlyCount "130"]
[EventDate "2021.05.11"]
[EventType "swiss (blitz)"]
[EventRounds "11"]
[EventCountry "USA"]
[SourceTitle "CBM 202 Extra"]
[Source "ChessBase"]
[SourceDate "2021.07.31"]
[SourceVersion "1"]
[SourceVersionDate "2021.07.31"]
[SourceQuality "1"]

1. f4 d5 2. Nf3 Nc6 3. g3 g6 4. Bg2 Bg7 5. 0-0 e5 6. fxe5 Nxe5 7. Nxe5 Bxe5 8. Nc3 Ne7 9. d3 0-0 10. e4 d4 11. Ne2 f5 12. Bf4 Bxf4 13. Nxf4 fxe4 14. Bxe4 Qd6 15. Qe2 c6 16. Rae1 Bd7 17. Bg2 Nf5 18. Qe5 Qxe5 19. Rxe5 Rae8 20. Rxe8 Rxe8 21. Kf2 Ne3 22. c3 Ng4+ 23. Kg1 Ne3 24. Re1 Nxg2 25. Rxe8+ Bxe8 26. Kxg2 dxc3 27. bxc3 Bf7 28. a3 g5 29. Ne2 Kg7 30. Kf2 Kf6 31. Ke3 Ke5 32. Nd4 h6 33. Nf3+ Kd5 34. Nd4 Bg6 35. Nb3 b6 36. c4+ Ke5 37. d4+ Kf5 38. Nd2 Bf7 39. Kd3 Kg4 40. Ke4 Kh3 41. d5 cxd5+ 42. cxd5 Kxh2 43. d6 Be8 44. Kf3 h5 45. Nf1+ Kh3 46. Ne3 Bc6+ 47. Kf2 h4 48. gxh4 g4 49. Nf5 Bd7 50. h5 Bxf5 51. h6 Kh2 52. d7 g3+ 53. Kf3 g2 54. d8Q g1Q 55. Qh4+ Bh3 56. Qf4+ Kh1 57. h7 Qg2+ 58. Ke3 Qg1+ 59. Qf2 Qg5+ 60. Qf4 Qe7+ 61. Kf2 Qc5+ 62. Qe3 Qf5+ 63. Qf3+ Qxf3+ 64. Kxf3 Bg2+ 65. Ke3 Kg1 1-0

[Event "Titled Tuesday intern op 27th Apr"]
[Site "Chess.com INT"]
[Date "2021.04.27"]
[Round "7"]
[White "Montoliu Cervero, Francisco"]
[Black "Starozhilov, Leonid"]
[Result "0-1"]
[WhiteElo "2405"]
[BlackElo "2318"]
[PlyCount "134"]
[EventDate "2021.04.27"]
[EventType "swiss (blitz)"]
[EventRounds "11"]
[EventCountry "USA"]
[SourceTitle "CBM 202 Extra"]
[Source "ChessBase"]
[SourceDate "2021.07.31"]
[SourceVersion "1"]
[SourceVersionDate "2021.07.31"]
[SourceQuality "1"]

1. e4 g6 2. d4 Bg7 3. Nc3 d6 4. Nf3 Nf6 5. h3 0-0 6. Bd3 Nc6 7. 0-0 e5 8. d5 Ne7 9. Bg5 h6 10. Be3 c6 11. dxc6 bxc6 12. Qd2 Kh7 13. Rad1 Be6 14. Be2 d5 15. Nxe5 Nxe4 16. Nxe4 Bxe5 17. Nc5 Nf5 18. Nxe6 fxe6 19. Bf4 Bg7 20. c3 e5 21. Bh2 Qb6 22. Bg4 Rae8 23. Bxf5 gxf5 24. Kh1 e4 25. Bf4 Rd8 26. Be3 c5 27. f3 d4 28. cxd4 cxd4 29. Bg1 Qb7 30. Qf4 Qd5 31. Bxd4 Bxd4 32. fxe4 Qe5 33. Qxe5 Bxe5 34. Rxd8 Rxd8 35. exf5 Bxb2 36. g4 Rd3 37. Kg2 Be5 38. Rf3 Rd2+ 39. Rf2 Rxf2+ 40. Kxf2 Kg7 41. Kf3 Bf6 42. Ke4 Kf7 43. Kd5 Bh4 44. Kc6 Kf6 45. Kb7 Bf2 46. a4 Bb6 47. Ka6 Be3 48. a5 Kg5 49. Kb7 h5 50. gxh5 Kxf5 51. h6 Kg6 52. Kc6 Kxh6 53. Kd5 Kh5 54. Ke4 Bg1 55. Kf3 Kh4 56. Kg2 Bc5 57. a6 Bd6 58. Kf3 Kxh3 59. Ke4 Bc5 60. Kd5 Bb6 61. Kc6 Kg4 62. Kb5 Kf4 63. Ka4 Ke4 64. Kb5 Kd5 65. Ka4 Kc6 66. Kb4 Bd8 67. Kc4 Kb6 0-1

[Event "Titled Tuesday intern op 26th Jan"]
[Site "Chess.com INT"]
[Date "2021.01.26"]
[Round "5"]
[White "Montoliu Cervero, Francisco"]
[Black "Chiku Ratte, Olivier Kenta"]
[Result "1-0"]
[WhiteElo "2395"]
[BlackElo "2377"]
[PlyCount "59"]
[EventDate "2021.01.26"]
[EventType "swiss (blitz)"]
[EventRounds "11"]
[EventCountry "USA"]
[SourceTitle "CBM 200 Extra"]
[Source "ChessBase"]
[SourceDate "2021.03.31"]
[SourceVersion "1"]
[SourceVersionDate "2021.03.31"]
[SourceQuality "1"]

1. e4 c5 2. Nf3 Nc6 3. d4 cxd4 4. Nxd4 e6 5. Nc3 Qc7 6. Be3 Nf6 7. Qd2 a6 8. f3 Be7 9. 0-0-0 0-0 10. g4 d6 11. g5 Nd7 12. h4 Nce5 13. Kb1 b5 14. Bd3 Nc4 15. Bxc4 bxc4 16. h5 Rb8 17. Ka1 Ne5 18. f4 Nc6 19. Nxc6 Qxc6 20. g6 h6 21. gxf7+ Rxf7 22. Bd4 Bf8 23. Rhg1 Bb7 24. f5 exf5 25. Nd5 fxe4 26. Nf6+ Rxf6 27. Bxf6 d5 28. Qxh6 Qd7 29. Rxg7+ Bxg7 30. Rg1 1-0

[Event "Titled Tuesday intern op 26th Jan"]
[Site "Chess.com INT"]
[Date "2021.01.26"]
[Round "8"]
[White "Montoliu Cervero, Francisco"]
[Black "Ozkan, Ervin"]
[Result "0-1"]
[WhiteElo "2395"]
[BlackElo "2147"]
[PlyCount "104"]
[EventDate "2021.01.26"]
[EventType "swiss (blitz)"]
[EventRounds "11"]
[EventCountry "USA"]
[SourceTitle "CBM 200 Extra"]
[Source "ChessBase"]
[SourceDate "2021.03.31"]
[SourceVersion "1"]
[SourceVersionDate "2021.03.31"]
[SourceQuality "1"]

1. e4 e5 2. Nf3 Nf6 3. d4 Nxe4 4. dxe5 d5 5. Nbd2 Bf5 6. Nxe4 Bxe4 7. Bd3 Nc6 8. 0-0 Be7 9. Qe2 Bxf3 10. gxf3 Qd7 11. f4 Nd4 12. Qe3 Qg4+ 13. Qg3 Qh5 14. f3 f5 15. Be3 Ne6 16. Kg2 0-0 17. Qh3 Qf7 18. Kh1 Kh8 19. Rg1 c5 20. c4 dxc4 21. Bxc4 Nxf4 22. Qxh7+ Kxh7 23. Bxf7 Rxf7 24. Bxf4 Rd8 25. Rad1 Rff8 26. Rge1 g5 27. Be3 f4 28. Bf2 Kg6 29. Kg2 Kf5 30. Rc1 b6 31. Re2 Rd5 32. b4 cxb4 33. Rc7 Bc5 34. Rxa7 Bxf2 35. Kxf2 Rxe5 36. Rxe5+ Kxe5 37. Rg7 Rc8 38. Rxg5+ Kd4 39. Rb5 Rc2+ 40. Kg1 Kc4 41. Rxb6 Rxa2 42. h4 b3 43. h5 b2 44. h6 Ra1+ 45. Kg2 b1Q 46. Rxb1 Rxb1 47. Kh3 Kd4 48. Kg4 Ke3 49. h7 Rh1 50. Kg5 Rxh7 51. Kg6 Rh3 52. Kg5 Rxf3 0-1

[Event "Titled Tuesday intern op 26th Jan"]
[Site "Chess.com INT"]
[Date "2021.01.26"]
[Round "11"]
[White "Montoliu Cervero, Francisco"]
[Black "Sikorova, Olga"]
[Result "1-0"]
[WhiteElo "2395"]
[BlackElo "2215"]
[PlyCount "101"]
[EventDate "2021.01.26"]
[EventType "swiss (blitz)"]
[EventRounds "11"]
[EventCountry "USA"]
[SourceTitle "CBM 200 Extra"]
[Source "ChessBase"]
[SourceDate "2021.03.31"]
[SourceVersion "1"]
[SourceVersionDate "2021.03.31"]
[SourceQuality "1"]

1. e4 e6 2. d4 d5 3. e5 c5 4. c3 Nc6 5. Nf3 Bd7 6. Be2 Nge7 7. Na3 cxd4 8. cxd4 Nf5 9. Nc2 Qb6 10. 0-0 Nb4 11. Nxb4 Bxb4 12. g4 Nh6 13. h3 Bb5 14. Bxb5+ Qxb5 15. Bxh6 gxh6 16. Qb3 Qa5 17. a3 Be7 18. Qxb7 Rd8 19. Rac1 Qb6 20. Rc7 Qxb7 21. Rxb7 a5 22. Rc1 Bg5 23. Rcc7 0-0 24. Ne1 Rb8 25. Rxf7 Rxb7 26. Rxb7 Rc8 27. Nd3 Rc2 28. Nc5 Bc1 29. Nxe6 Bxb2 30. Rg7+ Kh8 31. Rf7 Bxa3 32. g5 hxg5 33. Nxg5 h6 34. Nf3 Rc3 35. Kg2 Kg8 36. Rd7 Bb4 37. e6 Rc8 38. Rxd5 a4 39. Rb5 Bd6 40. Ra5 a3 41. d5 Rc5 42. Rxa3 Rxd5 43. Ra7 Rf5 44. Rd7 Bc5 45. Kg3 Kf8 46. Kg4 Rf6 47. Nd4 Bxd4 48. Rxd4 Rxe6 49. f4 Kg7 50. Rd7+ Kf6 51. Rh7 1-0

[Event "Titled Tuesday intern op 08th Sept"]
[Site "Chess.com INT"]
[Date "2020.09.08"]
[Round "2"]
[White "Montoliu Cervero, Francisco"]
[Black "Molina, Roberto Junio Brito"]
[Result "0-1"]
[WhiteElo "2393"]
[BlackElo "2434"]
[PlyCount "86"]
[EventDate "2020.09.08"]
[EventType "swiss (blitz)"]
[EventRounds "10"]
[EventCountry "USA"]
[SourceTitle "CBM 198 Extra"]
[Source "ChessBase"]
[SourceDate "2020.11.30"]
[SourceVersion "1"]
[SourceVersionDate "2020.11.30"]
[SourceQuality "1"]

1. e4 c6 2. d4 d5 3. Nd2 dxe4 4. Nxe4 Nd7 5. Ng5 Ngf6 6. Bd3 e6 7. N1f3 Bd6 8. Qe2 h6 9. Ne4 Nxe4 10. Qxe4 Nf6 11. Qe2 Qc7 12. Bd2 b6 13. 0-0-0 Bb7 14. h3 c5 15. Kb1 0-0-0 16. Ba6 Bxa6 17. Qxa6+ Qb7 18. Qa4 b5 19. Qa5 Bc7 20. Qc3 c4 21. Ne5 Nd5 22. Qf3 Bxe5 23. dxe5 Rd7 24. Bc1 Rhd8 25. Ka1 Nb4 26. Qxb7+ Kxb7 27. Rxd7+ Rxd7 28. Kb1 Rd5 29. Re1 Nc6 30. f4 h5 31. g4 hxg4 32. hxg4 g6 33. Rh1 Rd7 34. Be3 Ne7 35. Bc5 Nd5 36. f5 gxf5 37. gxf5 exf5 38. Kc1 Nf4 39. Bd6 Ne6 40. Rh5 f4 41. Rf5 Kc6 42. Kd2 Kd5 43. Ke2 Nd4+ 0-1

[Event "Titled Tuesday intern op 25th Aug"]
[Site "Chess.com INT"]
[Date "2020.08.25"]
[Round "5"]
[White "Montoliu Cervero, Francisco"]
[Black "Grabinsky, Vladimir"]
[Result "1-0"]
[WhiteElo "2393"]
[BlackElo "2219"]
[PlyCount "51"]
[EventDate "2020.08.25"]
[EventType "swiss (blitz)"]
[EventRounds "10"]
[EventCountry "USA"]
[SourceTitle "CBM 198 Extra"]
[Source "ChessBase"]
[SourceDate "2020.11.30"]
[SourceVersion "1"]
[SourceVersionDate "2020.11.30"]
[SourceQuality "1"]

1. e4 c5 2. Nf3 Nc6 3. d4 cxd4 4. Nxd4 e5 5. Nb5 d6 6. c4 Be7 7. N1c3 a6 8. Na3 f5 9. exf5 Bxf5 10. Bd3 Be6 11. 0-0 Nf6 12. Nc2 0-0 13. Ne3 Rc8 14. b3 Nd4 15. Ne2 Nxe2+ 16. Qxe2 d5 17. cxd5 Nxd5 18. Nxd5 Bxd5 19. Bb2 Bd6 20. Bxh7+ Kxh7 21. Qd3+ e4 22. Qh3+ Kg8 23. Rad1 Qg5 24. Qd7 Rc6 25. Rxd5 Qxd5 26. Qxg7# 1-0

[Event "Titled Tuesday intern op 3rd Jan"]
[Site "Chess.com INT"]
[Date "2019.12.03"]
[Round "8"]
[White "Damjanovic, Vladimir"]
[Black "Montoliu Cervero, Francisco"]
[Result "1-0"]
[WhiteElo "2397"]
[BlackElo "2390"]
[PlyCount "97"]
[EventDate "2019.12.03"]
[EventType "swiss (blitz)"]
[EventRounds "10"]
[EventCountry "USA"]
[SourceTitle "EXT 2021"]
[Source "ChessBase"]
[SourceDate "2020.10.23"]
[SourceVersion "1"]
[SourceVersionDate "2020.10.23"]
[SourceQuality "1"]

1. Nf3 d5 2. e3 Nf6 3. c4 c6 4. Nc3 a6 5. d4 b5 6. b3 Bg4 7. h3 Bxf3 8. Qxf3 e6 9. Bd2 Nbd7 10. Be2 Bb4 11. Rc1 0-0 12. 0-0 Ne4 13. Be1 Bxc3 14. Bxc3 Nxc3 15. Rxc3 Qa5 16. Rc2 bxc4 17. bxc4 Rab8 18. cxd5 cxd5 19. Rfc1 Qa3 20. Bf1 Rb2 21. Rxb2 Qxb2 22. Rc7 Nf6 23. Qe2 Qb6 24. Qc2 a5 25. a4 g6 26. Bb5 Ne4 27. Qc6 Qb8 28. Qd7 Qb6 29. f3 Nd2 30. Kh2 Qb8 31. Kg1 Nc4 32. e4 Nb6 33. Qc6 Rc8 34. Rxc8+ Nxc8 35. exd5 Ne7 36. Qc3 Nxd5 37. Qxa5 Qf4 38. Qe1 Qxd4+ 39. Kh1 Qc5 40. Qg1 Qb4 41. Qc1 Kg7 42. Qa1+ f6 43. Qc1 Nc3 44. Qe1 e5 45. Bf1 Nd5 46. Qxb4 Nxb4 47. Bb5 Nd5 48. a5 Nc7 49. Bd3 1-0

[Event "Titled Tuesday intern op 3rd Jan"]
[Site "Chess.com INT"]
[Date "2019.12.03"]
[Round "5"]
[White "Ruiz, Joshua Daniel"]
[Black "Montoliu Cervero, Francisco"]
[Result "1-0"]
[WhiteElo "1804"]
[BlackElo "2390"]
[PlyCount "87"]
[EventDate "2019.12.03"]
[EventType "swiss (blitz)"]
[EventRounds "10"]
[EventCountry "USA"]
[SourceTitle "EXT 2021"]
[Source "ChessBase"]
[SourceDate "2020.10.23"]
[SourceVersion "1"]
[SourceVersionDate "2020.10.23"]
[SourceQuality "1"]

1. Nf3 Nf6 2. g3 e6 3. Bg2 d5 4. 0-0 c5 5. c4 d4 6. e3 Nc6 7. exd4 cxd4 8. d3 Be7 9. Na3 0-0 10. Nc2 a5 11. Re1 Re8 12. b3 Bc5 13. a3 Bd7 14. Rb1 Qe7 15. Qd2 Rad8 16. b4 axb4 17. axb4 Bb6 18. Ba3 Nb8 19. Nfxd4 Bc6 20. Nxc6 bxc6 21. d4 Qa7 22. Bb2 Rd7 23. Ra1 Qb7 24. b5 Qc8 25. Qb4 c5 26. dxc5 Bxc5 27. Qc3 Red8 28. Re2 Rd3 29. Qe5 Nbd7 30. Qg5 h6 31. Qh4 Rb3 32. Nd4 Bxd4 33. Bxd4 Qxc4 34. Bxf6 Qxe2 35. Bxd8 Qxb5 36. Qe4 g6 37. Ba5 Nc5 38. Qa8+ Kg7 39. Bd2 Rb1+ 40. Rxb1 Qxb1+ 41. Bf1 Nb3 42. Bc3+ f6 43. Qb7+ Kg8 44. Bxf6 1-0

[Event "Titled Tuesday intern op 3rd Sept"]
[Site "Chess.com INT"]
[Date "2019.09.03"]
[Round "4"]
[White "Montoliu Cervero, Francisco"]
[Black "Cadena Montoya, Gustavo Adolfo"]
[Result "1/2-1/2"]
[WhiteElo "2390"]
[BlackElo "2168"]
[PlyCount "130"]
[EventDate "2019.09.03"]
[EventType "swiss (blitz)"]
[EventRounds "10"]
[EventCountry "USA"]
[SourceTitle "EXT 2021"]
[Source "ChessBase"]
[SourceDate "2020.10.23"]
[SourceVersion "1"]
[SourceVersionDate "2020.10.23"]
[SourceQuality "1"]

1. e4 c6 2. d4 d5 3. Nc3 dxe4 4. Nxe4 Nf6 5. Nxf6+ exf6 6. Nf3 Bd6 7. Bd3 0-0 8. 0-0 Bg4 9. h3 Bh5 10. Re1 Nd7 11. c4 c5 12. Be2 Qc7 13. d5 Rad8 14. Be3 Rfe8 15. Nd2 Bg6 16. Nf1 Ne5 17. Qd2 a6 18. f4 Nd7 19. g3 Be4 20. Bf2 f5 21. Bd3 Nf6 22. Ne3 g6 23. Be2 h5 24. h4 Re7 25. a3 Rde8 26. b4 b6 27. Nf1 a5 28. bxa5 bxa5 29. Qc3 Ng4 30. Bxg4 hxg4 31. Nd2 a4 32. Re3 Qb7 33. Rae1 Qb6 34. Qc1 Qa5 35. Qd1 Qb6 36. Nxe4 Rxe4 37. Rxe4 Rxe4 38. Qxa4 Rxe1+ 39. Bxe1 Qb1 40. Qe8+ Kg7 41. Qe3 Bc7 42. a4 Ba5 43. Kf2 Qc2+ 44. Qe2 Bxe1+ 45. Kxe1 Qxa4 46. Qe5+ Kg8 47. d6 Qb4+ 48. Kd1 Qb3+ 49. Kd2 Qxc4 50. d7 Qa2+ 51. Kc1 Qa3+ 52. Qb2 Qe3+ 53. Qd2 Qa3+ 54. Kb1 Qb3+ 55. Kc1 Qa3+ 56. Kd1 Qf3+ 57. Kc2 Qe4+ 58. Kb3 c4+ 59. Kc3 Qf3+ 60. Kb2 Qb3+ 61. Kc1 Qa3+ 62. Kd1 Qf3+ 63. Kc1 Qa3+ 64. Qb2 Qe3+ 65. Qd2 Qa3+ 1/2-1/2

[Event "Titled Tuesday intern op 3rd Sept"]
[Site "Chess.com INT"]
[Date "2019.09.03"]
[Round "1"]
[White "Montoliu Cervero, Francisco"]
[Black "Vrolijk, Liam"]
[Result "0-1"]
[WhiteElo "2390"]
[BlackElo "2479"]
[PlyCount "98"]
[EventDate "2019.09.03"]
[EventType "swiss (blitz)"]
[EventRounds "10"]
[EventCountry "USA"]
[SourceTitle "EXT 2021"]
[Source "ChessBase"]
[SourceDate "2020.10.23"]
[SourceVersion "1"]
[SourceVersionDate "2020.10.23"]
[SourceQuality "1"]

1. e4 e5 2. Nf3 Nc6 3. Bb5 a6 4. Ba4 Nf6 5. 0-0 Bc5 6. c3 b5 7. Bb3 d6 8. d4 Bb6 9. h3 h6 10. Re1 0-0 11. a4 Rb8 12. Na3 Re8 13. d5 Ne7 14. axb5 axb5 15. Nxb5 Ng6 16. Na7 Bd7 17. Nc6 Bxc6 18. dxc6 Nh5 19. Be3 Bxe3 20. fxe3 Nf6 21. Nd2 Ne7 22. Rf1 Nxc6 23. Ba4 Rb6 24. b4 Rf8 25. Nc4 Ra6 26. b5 Rxa4 27. Rxa4 Ne7 28. Qd3 Nd7 29. Ra7 Nc5 30. Qc2 Nc8 31. Ra8 Qh4 32. Nd2 Qg3 33. Rf3 Qe1+ 34. Kh2 Nb6 35. Rxf8+ Kxf8 36. Nb3 Ne6 37. Qa2 Ng5 38. Rf2 Qxe3 39. Re2 Qf4+ 40. Kg1 Nxe4 41. Qc2 f5 42. Qd3 Qg3 43. Qxg3 Nxg3 44. Rf2 f4 45. Nd2 g5 46. c4 e4 47. Nf1 e3 48. Rc2 e2 49. Nxg3 e1Q+ 0-1

[Event "ESP-chT CECLUB Div2"]
[Site "Linares"]
[Date "2018.08.17"]
[Round "5.4"]
[White "Galindo Rodriguez, Francisco"]
[Black "Montoliu Cervero, Francisco"]
[Result "1/2-1/2"]
[WhiteElo "2222"]
[BlackElo "2410"]
[PlyCount "49"]
[EventDate "2018.08.14"]
[EventType "team-swiss"]
[EventRounds "7"]
[EventCountry "ESP"]
[SourceTitle "CBM 186 Extra"]
[Source "ChessBase"]
[SourceDate "2018.08.24"]
[SourceVersion "1"]
[SourceVersionDate "2018.08.24"]
[SourceQuality "1"]
[WhiteTeam "Reverte Minerals"]
[BlackTeam "Manises Eva"]
[WhiteTeamCountry "ESP"]
[BlackTeamCountry "ESP"]

1. e4 c5 2. Nf3 d6 3. d4 Nf6 4. Nc3 cxd4 5. Nxd4 g6 6. Bc4 Bg7 7. f3 Nc6 8. Nde2 Bd7 9. Be3 Ne5 10. Bb3 b5 11. 0-0 0-0 12. a4 Nc4 13. Bxc4 bxc4 14. b4 cxb3 15. cxb3 Qa5 16. Rb1 Rfb8 17. Qd2 Rb7 18. Nd4 a6 19. Rfc1 Rc8 20. Qd3 Rcb8 21. Bd2 Qb6 22. Be3 Qa5 23. Bd2 Qb6 24. Be3 Qa5 25. Bd2 1/2-1/2

[Event "ESP-chT CECLUB Div2"]
[Site "Linares"]
[Date "2018.08.17"]
[Round "6.3"]
[White "Salgado Lopez, Ivan"]
[Black "Montoliu Cervero, Francisco"]
[Result "1/2-1/2"]
[WhiteElo "2643"]
[BlackElo "2410"]
[PlyCount "119"]
[EventDate "2018.08.14"]
[EventType "team-swiss"]
[EventRounds "7"]
[EventCountry "ESP"]
[SourceTitle "CBM 186 Extra"]
[Source "ChessBase"]
[SourceDate "2018.08.24"]
[SourceVersion "1"]
[SourceVersionDate "2018.08.24"]
[SourceQuality "1"]
[WhiteTeam "Ourense Deportivo"]
[BlackTeam "Manises Eva"]
[WhiteTeamCountry "ESP"]
[BlackTeamCountry "ESP"]

1. e4 c5 2. Nf3 d6 3. Bb5+ Bd7 4. a4 Nc6 5. 0-0 e6 6. Re1 Be7 7. c3 Nf6 8. d4 cxd4 9. cxd4 a6 10. Bf1 Nb4 11. Nc3 Bc6 12. Bg5 d5 13. e5 Nd7 14. Bxe7 Qxe7 15. Qd2 a5 16. Na2 Nxa2 17. Rxa2 0-0 18. b3 Rfb8 19. Rc1 Rc8 20. h4 Nb8 21. Rac2 Qa3 22. h5 h6 23. Rc3 Qe7 24. Rc5 Qd8 25. Bd3 Nd7 26. R5c3 Nf8 27. R1c2 Bd7 28. Qc1 Rxc3 29. Rxc3 Rc8 30. Rxc8 Qxc8 31. Qxc8 Bxc8 32. Ne1 Bd7 33. f4 Bc6 34. g4 Nd7 35. Kf2 Kf8 36. Nf3 Nb8 37. Ke3 Be8 38. g5 Nc6 39. Nh2 f5 40. g6 Nb4 41. Nf3 Ke7 42. Be2 Kd8 43. Kd2 Ke7 44. Kc3 Kd8 45. Nd2 Bc6 46. Nb1 Kc7 47. Kd2 Kb6 48. Bf1 Kc7 49. Kc3 Na2+ 50. Kb2 Nb4 51. Be2 Kb6 52. Nd2 Kc7 53. Nf3 Be8 54. Kc3 Na2+ 55. Kd2 Nb4 56. Bb5 Kd8 57. Bxe8 Kxe8 58. Ng1 Kd7 59. Ne2 Na2 60. Nc3 1/2-1/2